000
00290nam a22001337a 4500
008
190311b xxu||||| |||| 00| 0 eng d
020
_a
0395868475
041
_a
eng
080
_2
3rd
_a
371
100
_a
46
101
_a
EDU
245
_a
The Reading edge
_c
Johnson,B.E
942
_2
udc
_c
BK
999
_c
54664
_d
54664